000
00253nam a22001217a 4500
999
_c
14179
_d
14179
082
_a
658.5AHU
100
_a
Ahuja, K K
245
_a
Industrial Management
260
_a
India
_c
1986
300
_a
375
650
_a
Industrial Management
942
_c
BK